000
00273nam a22001217a 4500
008
170712b xxu||||| |||| 00| 0 eng d
041
_a
eng
080
_a
030
100
_a
23
101
_a
ENC
245
_a
THE ENCYCLOPEDIA OF PHILOSOPHY
_c
EDWARDS.P
942
_2
udc
_c
BK
999
_c
20242
_d
20242